• 首页
  • 本馆介绍
  • 公告通知
  • 最新文献
  • 馆藏检索
  • 电子资源
  • 读者导购
  • 参考咨询
  • 我的图书馆
  • 登录
  • 详细信息显示
  • 放入我的书架
  • 预约/预借图书
  • 作者相关作品
  • 分类相关作品
  • 丛书相关作品
  • 出版社相关作品

书目信息

  • 表格格式
  • 工作单格式
  • 卡片格式
题名:
美国人眼中的海湾战争
    
 
作者: 卡莱尔 , 罗德尼·P·卡莱尔 著 ;孙宝寅 , 孙卫国 译
分册:  
出版信息: 北京   当代中国出版社  2006
页数: 184页
开本: 23cm
丛书名: 《战争中的美国》系列丛书
单 册:
中图分类: K712.54
科图分类:
主题词: 海湾战争(1999)--影响--美国--研究 , 北美洲--历史
电子资源:
ISBN: 7-80170-408-8
000 01593nam0 2200373 450
000 01556nam0 2200361 450
000 01382nam0 2200337 450
000 01328nam0 2200313 450
000 01324nam0 2200301 450
000 01287nam0 2200289 45
001 TSC-154828
005 20070111150025.93
010    @a7-80170-408-8@dCNY20.00
100    @a20060829d2006 ekmy0chiy0120 ea
101 1  @achi@ceng
102    @aCN@b110000
105    @aa z 000yy
200 1  @a美国人眼中的海湾战争@AMei Guo Ren Yan Zhong De Hai Wan Zhan Zheng@f(美)罗德尼·P·卡莱尔(Robert P.Carlisle)著@F(mei)luo de ni·P·ka lai er(Robert P.Carlisle)zhu@g孙宝寅,孙卫国译
210    @a北京@c当代中国出版社@d2006
215    @a184页@c图@d23cm
225 2  @a《战争中的美国》系列丛书
330    @a本书主要讲述了1990年发生在伊拉克和多国部队间那场海湾战争,这是美国继越南战争之后首次以参战方正式介入的局部战争。全书全面分析了美国在20世纪90年代卷入海湾地区事务的深层原因,并在此基础上探究了这场战争是如何影响美国社会各阶层对于本国介入外国事务所采取的政策与立场。
410  0 @12001 @a《战争中的美国》系列丛书
606 0  @a海湾战争(1999)@x影响@y美国@x研究
606 0  @a北美洲@x历史
690    @aK712.54@v4
701  1 @a卡莱尔@AKa Lai Er@b罗德尼·P@4著
701  0 @a罗德尼·P·卡莱尔@Aluo de ni·P·ka lai er@bRobertP.Carlisle@4著
702  0 @a孙宝寅@ASun Bao Yin@4译
702  0 @a孙卫国@ASun Wei Guo@4译
801  0 @aCN@b中图数据@c20070111
905    @a10447@dK712.54@e29
    
    美国人眼中的海湾战争/(美)罗德尼·P·卡莱尔(Robert P.Carlisle)著/孙宝寅,孙卫国译.-北京:当代中国出版社,2006
    184页:图;23cm.-(《战争中的美国》系列丛书)
    
    
    ISBN 7-80170-408-8:CNY20.00
    本书主要讲述了1990年发生在伊拉克和多国部队间那场海湾战争,这是美国继越南战争之后首次以参战方正式介入的局部战争。全书全面分析了美国在20世纪90年代卷入海湾地区事务的深层原因,并在此基础上探究了这场战争是如何影响美国社会各阶层对于本国介入外国事务所采取的政策与立场。
●
相关链接 在E读中查询图书 在五车中查询图书 在当当中查询图书 在豆瓣中查询图书


正题名:美国人眼中的海湾战争     索取号:K712.54/29         预约/预借

序号 登录号 条形码 馆藏地/架位号 状态 备注
1 0602091   206020919   第二样本阅览室/ [索取号:K712.54/29] 在馆    
2 0602092   206020928   第二借阅区/ [索取号:K712.54/29] 在馆    
3 0602093   206020937   第二借阅区/ [索取号:K712.54/29] 在馆    
唐山师范学院图书馆 欢迎您!
大连网信软件有限公司© 版权所有